Statistics for Smallest Cities in the UK

Click here to take the quiz!

General Stats

  • This quiz has been taken 557 times
    (283 since last reset)
  • The average score is 9 of 20

Answer Stats

PopulationCity% Correct
1,797St David's
70%
15,102Ely
57%
17,431Truro
57%
10,406Wells
57%
13,725Bangor
52%
71,000Inverness
47%
44,820Perth
47%
3,491St Asaph
47%
43,432Canterbury
45%
15,922Ripon
45%
39,726Salisbury
44%
41,420Winchester
44%
50,154Hereford
41%
45,115Stirling
39%
23,731Chichester
38%
27,900Lichfield
34%
27,433Newry
34%
64,038St Albans
32%
14,590Armagh
30%
7,185City of London
29%

Score Distribution

Percentile by Number Answered

Percent of People with Each Score

Your Score History

You have not taken this quiz since the last reset